| 000 | 00601nam a2200217Ia 4500 | ||
|---|---|---|---|
| 008 | 191130s2001##################000#0#eng## | ||
| 020 | _a9780060185367 | ||
| 022 | _a2001030851 | ||
| 040 |
_aACL _cACL |
||
| 082 | _a641.5 LAG | ||
| 100 | _aLagasse, Emeril | ||
| 245 |
_aPrime time Emeril : more TV dinners from America's favorite chef _cEmeril Lagasse |
||
| 250 | _a1st ed | ||
| 260 |
_aNew York _bMorrow _c2001 |
||
| 300 | _axiii, 290 p. : ill. ; 24 cm | ||
| 500 | _aIncludes index | ||
| 650 | _aCooking | ||
| 990 | _a628d6c5eac10000c1b49b223c6ae21ac | ||
| 991 | _a305471 | ||
| 999 |
_c42984 _d42984 |
||